| 000 | 00983cam a22003017a 4500 | ||
|---|---|---|---|
| 003 | CHAP | ||
| 005 | 20220817043056.0 | ||
| 008 | 971010s1984 r 00010 d | ||
| 010 | _a64825 | ||
| 011 | _a65797 | ||
| 035 | _a73189 | ||
| 040 | _cCHAP | ||
| 082 | 0 | 4 |
_a507.2 _bC63 1984-88 |
| 110 | 1 | _aConsejo Nacional de Ciencia y Tecnología. México | |
| 245 | 1 | 0 |
_aPrograma nacional de desarrollo tecnológico y científico _b: 84-88 |
| 250 | _a2 ed. | ||
| 260 |
_aMéxico, D. F. : _bConsejo Nacional de Ciencia y Tecnología, _c1984 |
||
| 300 | _a400 p | ||
| 590 |
_aBATCH-UPD _b10 _c20130110 _lUCH01 _h1209 |
||
| 590 |
_aBATCH-UPD _b10 _c20130410 _lUCH01 _h0748 |
||
| 590 |
_aBATCH-UPD _b10 _c20130914 _lUCH01 _h1931 |
||
| 590 |
_aCONVERSION _b10 _c20130109 _lUCH01 _h1335 |
||
| 650 | 1 | 4 |
_aPolítica científica _xMéxico. _990467 |
| 650 | 1 | 4 |
_aTecnología. _9111937 |
| 901 | _aBK | ||
| 942 | _cLIBRO | ||
| 949 |
_a507.2 C63 1984-88 _bBC _cLIBRO _d-145005 _eLIBRO _fc.2 _h64292 _i73189 _si |
||
| 999 |
_c64825 _d64825 |
||